000 00273nam a22001337a 4500
008 210531b ||||| |||| 00| 0 eng d
041 _aeng
080 _a336
082 _a336
100 _a56
101 _aFIN
245 _aTregu Financiar
_cGovori,F
942 _2udc
_cBK
999 _c57844
_d57844